| 000 | 00608cam a2200205ua 4500 | ||
|---|---|---|---|
| 020 | _c5.75 | ||
| 041 |
_aeng _h |
||
| 082 |
_a330.1 _bDEW/IN |
||
| 100 | _aDewett, Kewal Krishnan . | ||
| 245 |
_aIntroductory economics for higher secondary,pre-university and intermediate students of Indian universities / _cKewal Krishnan Dewett. _hTextual Documents |
||
| 250 |
_a12 / _b. |
||
| 260 |
_aNew Delhi : _bPremier Publishing Co. , _c1962. |
||
| 300 | _a371 ; . | ||
| 365 | _a5.75 | ||
| 504 | _a | ||
| 700 | 1 | _aGurucharan, Singh . | |
| 700 | 1 | _aVarma, J D . | |
| 942 | _cBK | ||
| 999 |
_c11418 _d11418 |
||